000 01475nam a2200373 a 4500
001 ebr10640633
003 CaPaEBR
006 m u
007 cr cn|||||||||
008 110830s2011 wlkab sb 001 0 eng d
010 _z 2011486779
020 _z0708323995
020 _z9780708323991
020 _z9780708324103 (e-book)
040 _aCaPaEBR
_cCaPaEBR
035 _a(OCoLC)842859712
043 _ae-uk-wl
045 _aw-w-
050 1 4 _aHB2045
_b.C66 2011eb
100 1 _aCooper, Kathryn J.
245 1 0 _aExodus from Cardiganshire
_h[electronic resource] :
_brural-urban migration in Victorian Britain /
_cby Kathryn J. Cooper.
260 _aCardiff :
_bUniversity of Wales Press,
_c2011.
300 _axiv, 249 p. :
_bill., maps.
440 0 _aStudies in Welsh history ;
_v31
504 _aIncludes bibliographical references (p. [232]-243) and index.
533 _aElectronic reproduction.
_bPalo Alto, Calif. :
_cebrary,
_d2013.
_nAvailable via World Wide Web.
_nAccess may be limited to ebrary affiliated libraries.
650 0 _aRural-urban migration
_zWales
_zCeredigion
_xHistory.
650 0 _aMigration, Internal
_zWales
_zCeredigion
_xHistory.
650 0 _aEmigration and immigration.
651 0 _aCeredigion (Wales)
_xHistory.
655 7 _aElectronic books.
_2local
710 2 _aebrary, Inc.
856 4 0 _uhttp://site.ebrary.com/lib/rucke/Doc?id=10640633
_zAn electronic book accessible through the World Wide Web; click to view
999 _c48796
_d48796